[Event "BCF-ch Seniors 50 U150"]
[Site "Coventry"]
[Date "2015.07.27"]
[Round "1"]
[White "Dicks, Steve"]
[Black "Hewitt, Gary J"]
[Result "1-0"]
[WhiteElo "126"]
[BlackElo "142"]
[PlyCount "61"]
[EventDate "2015.07.27"]
[EventType "swiss"]
[EventRounds "5"]
[EventCountry "ENG"]
[SourceTitle "CBM 167 Extra"]
[Source "ChessBase"]
[SourceDate "2015.09.14"]
[SourceVersion "1"]
[SourceVersionDate "2015.09.14"]
[SourceQuality "1"]

1. d4 Nf6 2. c4 e6 3. Nf3 b6 4. a3 Bb7 5. Nc3 d5 6. e3 Nbd7 7. Bd3 c6 8. 0-0 Bd6 9. b4 c5 10. cxd5 exd5 11. bxc5 bxc5 12. dxc5 Bxc5 13. Nd4 0-0 14. Rb1 Qc8 15. Bf5 Ba6 16. Re1 Bxd4 17. Qxd4 Qc5 18. Bb2 Bc4 19. Na4 Qxd4 20. Bxd4 g6 21. Bh3 g5 22. Bf5 Rfd8 23. Rb7 a6 24. Reb1 Bb5 25. Nb6 Nxb6 26. Rxb6 Ne4 27. Rh6 Rd6 28. Bxh7+ Kf8 29. Rh3 Rc6 30. Bxe4 Ke7 31. Bxd5 1-0

[Event "BCF-ch Seniors"]
[Site "Aberystwyth"]
[Date "2014.07.30"]
[Round "5"]
[White "Hewitt, Gary J"]
[Black "Price, Andrew"]
[Result "0-1"]
[WhiteElo "1794"]
[BlackElo "1856"]
[PlyCount "60"]
[EventDate "2014.07.26"]
[EventType "swiss"]
[EventRounds "7"]
[EventCountry "WLS"]
[SourceTitle "EXT 2017"]
[Source "ChessBase"]
[SourceDate "2016.10.25"]
[SourceVersion "1"]
[SourceVersionDate "2016.10.25"]
[SourceQuality "1"]

1. d4 d5 2. c4 dxc4 3. e4 e5 4. Be3 exd4 5. Qxd4 Be6 6. Qxd8+ Kxd8 7. Nc3 Nd7 8. 0-0-0 Kc8 9. f4 f6 10. Nf3 Bb4 11. Nd5 Bxd5 12. exd5 b5 13. g3 Ne7 14. Bh3 Re8 15. a3 Bd6 16. Rhe1 a6 17. Be6 Ng6 18. Nd4 Ngf8 19. Bh3 Kb7 20. Nf5 g6 21. Nxd6+ cxd6 22. Bd4 f5 23. Bg2 Nb6 24. Bf6 Kc7 25. Kc2 Kd7 26. Bd4 Na4 27. b3 cxb3+ 28. Kxb3 Rac8 29. h3 Nc5+ 30. Kb2 Rxe1 0-1

[Event "BCF-ch Seniors"]
[Site "Aberystwyth"]
[Date "2014.07.27"]
[Round "2"]
[White "Hewitt, Gary J"]
[Black "Plater, Ronald"]
[Result "0-1"]
[WhiteElo "1794"]
[BlackElo "1897"]
[PlyCount "80"]
[EventDate "2014.07.26"]
[EventType "swiss"]
[EventRounds "7"]
[EventCountry "WLS"]
[SourceTitle "EXT 2017"]
[Source "ChessBase"]
[SourceDate "2016.10.25"]
[SourceVersion "1"]
[SourceVersionDate "2016.10.25"]
[SourceQuality "1"]

1. d4 e6 2. Nf3 c5 3. Nc3 cxd4 4. Nxd4 a6 5. e4 Qc7 6. a3 Nc6 7. Be3 d6 8. Be2 Nf6 9. 0-0 Be7 10. f4 0-0 11. Bf3 Na5 12. Bf2 Nc4 13. Qc1 Bd7 14. b3 Nxa3 15. Rxa3 Qxc3 16. Ne2 Qc7 17. Ra2 Bc6 18. Qe3 b5 19. Ng3 Bb7 20. Rc1 Rac8 21. Qb6 Nd7 22. Qxc7 Rxc7 23. c3 Nc5 24. Bxc5 Rxc5 25. Rac2 Rfc8 26. Be2 Bf6 27. c4 Bd4+ 28. Kf1 Be3 29. Rd1 Bxf4 30. Bd3 Kf8 31. Nh5 Be5 32. g3 bxc4 33. bxc4 Bc6 34. Rb1 d5 35. exd5 exd5 36. Nf4 dxc4 37. Bxh7 Bxf4 38. gxf4 g6 39. Rcb2 c3 40. Rb8 Bb5+ 0-1

[Event "BCF-ch Seniors"]
[Site "Aberystwyth"]
[Date "2014.07.26"]
[Round "1"]
[White "Downham, Alan"]
[Black "Hewitt, Gary J"]
[Result "1-0"]
[WhiteElo "1994"]
[BlackElo "1794"]
[PlyCount "129"]
[EventDate "2014.07.26"]
[EventType "swiss"]
[EventRounds "7"]
[EventCountry "WLS"]
[SourceTitle "EXT 2017"]
[Source "ChessBase"]
[SourceDate "2016.10.25"]
[SourceVersion "1"]
[SourceVersionDate "2016.10.25"]
[SourceQuality "1"]

1. c4 Nf6 2. Nc3 e6 3. e4 d6 4. g3 c5 5. Bg2 Nc6 6. Nge2 Be7 7. f4 0-0 8. 0-0 a6 9. d3 Rb8 10. h3 Qc7 11. Be3 b5 12. Qd2 Nd7 13. Rac1 b4 14. Nd1 e5 15. g4 b3 16. a3 Nd4 17. Ndc3 Bb7 18. Ng3 Nc2 19. Nf5 Bf6 20. g5 Nxe3 21. Nxe3 exf4 22. gxf6 fxe3 23. Qxe3 Nxf6 24. Rxf6 gxf6 25. Qh6 Qe7 26. Rf1 Kh8 27. Rxf6 Rg8 28. Qf4 Qe5 29. Qf2 Qd4 30. Rxf7 Qxf2+ 31. Rxf2 Rg3 32. Rd2 h5 33. Ne2 Rg7 34. Nf4 h4 35. Rf2 Rbg8 36. Kh2 a5 37. Nh5 Rg3 38. Bf1 Re3 39. Rf6 Rd8 40. Rh6+ Kg8 41. Rg6+ Kf8 42. Nf4 Bc8 43. Be2 Kf7 44. Bh5 Kf8 45. Rg2 Ke7 46. Nd5+ Ke6 47. Nxe3 Ke5 48. Be2 Rf8 49. Nd1 Be6 50. Rg5+ Kf4 51. Rh5 Rg8 52. Rxh4+ Kg5 53. Rh5+ Kf4 54. Rh6 Ke5 55. Rh5+ Kf4 56. Rh7 Rg6 57. Rh5 Bd7 58. Rh4+ Ke5 59. Rh5+ Kf4 60. Rh4+ Ke5 61. Bg4 Bxg4 62. Rxg4 Rf6 63. Kg2 Kd4 64. Rg3 a4 65. Nc3 1-0